125 MATARATHI UATARE V TYAVARIL PRASHANA UTTAR (Record no. 1219738)

MARC details
000 -LEADER
fixed length control field 00388nam a2200145Ia 4500
008 - FIXED-LENGTH DATA ELEMENTS--GENERAL INFORMATION
fixed length control field 260407s2026 xx 000 0 und d
041 ## - LANGUAGE CODE
Language code of text/sound track or separate title eng
082 ## - DEWEY DECIMAL CLASSIFICATION NUMBER
Classification number 491.468/NET
Item number 12246
100 ## - MAIN ENTRY--PERSONAL NAME
Personal name SOU SADHANA NETANKAR
245 ## - TITLE STATEMENT
Title 125 MATARATHI UATARE V TYAVARIL PRASHANA UTTAR
260 ## - PUBLICATION, DISTRIBUTION, ETC.
Place of publication, distribution, etc. PUNE
Name of publisher, distributor, etc. K.SAGAR PUB HOUSE
650 ## - SUBJECT ADDED ENTRY--TOPICAL TERM
Topical term or geographic name entry element GENERAL
650 ## - SUBJECT ADDED ENTRY--TOPICAL TERM
Topical term or geographic name entry element GENERAL
700 ## - ADDED ENTRY--PERSONAL NAME
Personal name YOGESHA NETANKAR
Holdings
Withdrawn status Lost status Damaged status Not for loan Home library Current library Date acquired Cost, normal purchase price Total Checkouts Full call number Barcode Date last seen Price effective from Koha item type
        College of Pharmacy, Kolhapur College of Pharmacy, Kolhapur 08/04/2026 195.00   491.468/NET/12246 PCK-12246 08/04/2026 08/04/2026 Book